| 000 | 00615nam a22001697a 4500 | ||
|---|---|---|---|
| 003 | OSt | ||
| 005 | 20260319102916.0 | ||
| 008 | 260319b |||||||| |||| 00| 0 eng d | ||
| 040 | _cMRSPTU | ||
| 041 | _aEnglish | ||
| 100 | _aNavdeep Kaur, Supervisor: Dr. Amit Bhatia | ||
| 245 | _a Enhancing Transungual Delivery of Fluconazole: A Comparative Study of Medicated Nail Lacquers with Novel Permeation Enhancers | ||
| 260 |
_bDepartment of Pharmacy, MRSPTU, Bathinda _c2025 |
||
| 650 | _aPharmaceutical Sciences and Technology | ||
| 856 | _uhttp://163.47.215.52:8080/jspui/handle/123456789/969 | ||
| 942 |
_2ddc _cTH _n0 |
||
| 999 |
_c11195 _d11195 |
||